|
|
|
|
| LEADER |
00000naa2a2200000 4500 |
| 001 |
622010 |
| 005 |
20231101133205.0 |
| 035 |
|
|
|a (RuTPU)RU\TPU\conf\20658
|
| 035 |
|
|
|a RU\TPU\conf\20657
|
| 090 |
|
|
|a 622010
|
| 100 |
|
|
|a 20170202d2016 k y0rusy50 ca
|
| 101 |
0 |
|
|a rus
|
| 102 |
|
|
|a RU
|
| 105 |
|
|
|a y z 101zy
|
| 135 |
|
|
|a drgn ---uucaa
|
| 181 |
|
0 |
|a i
|
| 182 |
|
0 |
|a b
|
| 200 |
1 |
|
|a Необходимость доработки законодательной системы для решения экологических проблем Арктики
|f А. А. Марина
|g науч. рук. Ю. А. Максимова
|
| 203 |
|
|
|a Текст
|c электронный
|
| 225 |
1 |
|
|a Геоэкологические проблемы освоения Арктики. Влияние техногенного воздействия на природную среду Арктики. Экологические риски. Охрана и защита арктического региона
|
| 230 |
|
|
|a 1 компьютерный файл (pdf; 487 Kb)
|
| 300 |
|
|
|a Заглавие с титульного экрана
|
| 320 |
|
|
|a [Библиогр.: с. 361 (4 назв.)]
|
| 463 |
|
1 |
|0 (RuTPU)RU\TPU\conf\20537
|t Творчество юных - шаг в успешное будущее
|o Арктика и её освоение
|o материалы IX Всероссийской научной молодежной конференции с международным участием с элементами научной школы имени профессора М.К. Коровина, г. Томск, 10-14 октября 2016 г.
|f Национальный исследовательский Томский политехнический университет (ТПУ) ; под ред. А. Ю. Дмитриева
|v [С. 359-361]
|d 2016
|
| 610 |
1 |
|
|a труды учёных ТПУ
|
| 610 |
1 |
|
|a электронные ресурсы
|
| 610 |
1 |
|
|a Арктика
|
| 610 |
1 |
|
|a нефтяное загрязнение
|
| 610 |
1 |
|
|a континентальный шельф
|
| 610 |
1 |
|
|a углеводородные ресурсы
|
| 610 |
1 |
|
|a экология
|
| 700 |
|
1 |
|a Марина
|b А. А.
|
| 702 |
|
1 |
|a Максимова
|b Ю. А.
|c специалист в области нефтепромыслового оборудования
|c старший преподаватель Томского политехнического университета
|f 1979-
|g Юлия Анатольевна
|2 stltpush
|4 727
|
| 712 |
0 |
2 |
|a Национальный исследовательский Томский политехнический университет (ТПУ)
|b Институт природных ресурсов (ИПР)
|b Кафедра геологии и разработки нефтяных месторождений (ГРНМ)
|h 258
|2 stltpush
|3 (RuTPU)RU\TPU\col\18657
|
| 801 |
|
2 |
|a RU
|b 63413507
|c 20170210
|g RCR
|
| 856 |
4 |
|
|u http://earchive.tpu.ru/handle/11683/36737
|
| 942 |
|
|
|c BK
|